|
|
|
|
| LEADER |
00865cam a2200253 7i4500 |
| 001 |
0000021685 |
| 005 |
20191108090000.0 |
| 008 |
080610 eng |
| 020 |
|
|
|a 9780618643325 (hbk.)
|
| 020 |
|
|
|a 061864332x (hbk.)
|
| 090 |
0 |
0 |
|a QA553
|b .L76 2007
|
| 100 |
1 |
|
|a Larson, Ron
|
| 245 |
1 |
0 |
|a Trigonometry
|c Ron Larson, Robert Hostetler ; with the assistance of David C. Falvo.
|
| 250 |
|
|
|a 7th ed.
|
| 260 |
|
|
|a Boston:
|b Houghton Mifflin Co.,
|c 2007.
|
| 300 |
|
|
|a xvii, 514 p.:
|b col. ill.;
|c 25 cm.
|
| 500 |
|
|
|a Includes index
|
| 650 |
0 |
0 |
|a Trigonometry
|
| 700 |
1 |
|
|a Falvo, David C
|
| 700 |
1 |
|
|a Hostetler, Robert
|
| 997 |
|
|
|a Engineering & Life Sciences, Faculty
|b Engineering, Department
|
| 998 |
|
|
|a Mechanical Engineering, Degree
|
| 998 |
|
|
|a Civil Engineering, Degree
|
| 999 |
|
|
|a 0000031288
|b BOK
|c OPEN SHELF
|e 2nd Floor, Bestari Jaya
|